000 00379nam a2200133Ia 4500
008 220204s9999 xx 000 0 und d
082 _a551.58
_bBRY
100 _aBryson, Reid A
245 0 _aClimates of hunger: Mankind and the world's changing weather
260 _aLondon
_bUniversity of Wisconsin
_c1977
650 _aClimatology
700 _aMurray, Thomas J
942 _cBK
999 _c34670
_d34670